|
|
|
|
| LEADER |
00000nam0a2200000 4500 |
| 001 |
233889 |
| 005 |
20231101231257.0 |
| 035 |
|
|
|a (RuTPU)RU\TPU\book\254971
|
| 090 |
|
|
|a 233889
|
| 100 |
|
|
|a 20130313d1972 k y0rusy50 ca
|
| 101 |
0 |
|
|a rus
|
| 102 |
|
|
|a RU
|
| 105 |
|
|
|a a z 001zy
|
| 200 |
1 |
|
|a Сплавы цветных металлов
|f Академия наук СССР (АН СССР), Институт металлургии им. А. А. Байкова (ИМЕТ); под ред. Н. В. Агеева
|
| 210 |
|
|
|a Москва
|c Наука
|d 1972
|
| 215 |
|
|
|a 241 с.
|c ил.
|
| 300 |
|
|
|a к 70-летию со дня рождения академика А. А. Бочвара
|
| 320 |
|
|
|a Библиография в конце статей
|
| 600 |
|
1 |
|a Бочвар
|b А. А.
|c российский металловед
|c академик АН СССР (1946)
|f 1902-1984
|g Андрей Анатольевич
|2 stltpush
|3 (RuTPU)RU\TPU\pers\15116
|9 5205
|
| 606 |
1 |
|
|a Цветные сплавы
|x Металловедение
|2 stltpush
|3 (RuTPU)RU\TPU\subj\17916
|9 43470
|
| 610 |
1 |
|
|a кристаллизация
|
| 610 |
1 |
|
|a литейные свойства
|
| 610 |
1 |
|
|a кристаллизация
|
| 610 |
1 |
|
|a строение
|
| 610 |
1 |
|
|a твердое состояние
|
| 610 |
1 |
|
|a термическая обработка
|
| 610 |
1 |
|
|a сверхпластичность
|
| 610 |
1 |
|
|a свойства
|
| 675 |
|
|
|a 669.2.018
|v 3
|
| 702 |
|
1 |
|a Агеев
|b Н. В.
|4 340
|
| 712 |
0 |
2 |
|a Академия наук СССР (АН СССР)
|b Институт металлургии им. А. А. Байкова (ИМЕТ)
|c (Москва)
|2 stltpush
|3 (RuTPU)RU\TPU\col\312
|
| 801 |
|
1 |
|a RU
|b 63413507
|c 20130313
|
| 801 |
|
2 |
|a RU
|b 63413507
|c 20130412
|g RCR
|
| 942 |
|
|
|c BK
|